Zur Herkunft der Entwicklungsgeschichte und der Verbreitung der Bezeichnung "Tataren" im mittleren Wolgaraum und im Uralgebiet A. H. Halikov /

Elmentve itt :
Bibliográfiai részletek
Szerző: Halikov Al'fred Hasanovič
Dokumentumtípus: Könyv része
Megjelent: 1988
Sorozat:Studia uralo-altaica 30
Tatarische etymologische Studien II. 30
Kulcsszavak:Tatár nyelv, Tatár nyelvjárás - etimológia
Tárgyszavak:
Online Access:http://acta.bibl.u-szeged.hu/16570
LEADER 00879naa a2200217 i 4500
001 acta16570
005 20220118145304.0
008 161015s1988 hu o 0|| ger d
022 |a 0133-4239 
040 |a SZTE Egyetemi Kiadványok Repozitórium  |b hun 
041 |a ger 
100 1 |a Halikov Al'fred Hasanovič 
245 1 4 |a Zur Herkunft der Entwicklungsgeschichte und der Verbreitung der Bezeichnung "Tataren" im mittleren Wolgaraum und im Uralgebiet   |h [elektronikus dokumentum] :  |b A. H. Halikov /  |c  Halikov Al'fred Hasanovič 
260 |c 1988 
300 |a 3-59 
490 0 |a Studia uralo-altaica  |v 30 
490 0 |a Tatarische etymologische Studien II.  |v 30 
650 4 |a Bölcsészettudományok 
650 4 |a Nyelvek és irodalom 
695 |a Tatár nyelv, Tatár nyelvjárás - etimológia 
856 4 0 |u http://acta.bibl.u-szeged.hu/16570/1/altaica_030_003-059.pdf  |z Dokumentum-elérés